[Event "Challenge"]
[Site "http://www.queenalice.com/game.php?id=1858611"]
[Date "2025.6.9"]
[Round "-"]
[White "crisvolei"]
[Black "dejami"]
[Result "0-1"]
[WhiteElo "1554"]
[BlackElo "1728"]

1. e4 e5 2. Qf3 Nc6 3. Bc4 Nf6 4. Ne2 Nb4 5. Na3 d6 6. O-O Be6 7. Bb5+ c6 8. Bc4
d5 9. exd5 cxd5 10. Bb5+ Bd7 11. Qf5 a6 12. Bxd7+ Nxd7 13. f4 g6 14. Qg4 f5 15.
Qg3 Qb6+ 16. Kh1 e4 17. c3 Nd3 18. b4 Nf6 19. Nd4 Nh5 20. Qg5 Be7 21. Qh6 Qf6
22. g4 Bf8 23. Qg5 Qxg5 24. fxg5 fxg4 25. Ne6 Ke7 26. Nc7 Rc8 27. Nxd5+ Kd6 28.
Nb6 Kc7 29. Nxc8 Kxc8 30. Rf7 Ne5 31. Rxf8+ Rxf8 32. Bb2 Nd3 33. Nc4 Kc7 34. Kg1
Rf4 35. Ba3 e3 36. dxe3 Rxc4 37. b5 axb5 38. h4 Rxc3 39. Be7 Ne5 40. Bf6 Rxe3
41. Rc1+ Kb6 42. Kf2 Rf3+ 43. Kg2 Rg3+ 44. Kf2 Nd3+ 0-1

[Event "Challenge"]
[Site "http://www.queenalice.com/game.php?id=1858612"]
[Date "2025.6.9"]
[Round "-"]
[White "dejami"]
[Black "crisvolei"]
[Result "1-0"]
[WhiteElo "1684"]
[BlackElo "1628"]

1. e4 e5 2. Bc4 Nh6 3. d3 c6 4. Qf3 g5 5. h3 f6 6. Qh5+ Ke7 7. h4 b5 8. hxg5
bxc4 9. gxf6+ Ke6 10. Bxh6 Qxf6 11. Qg4+ Ke7 12. Bg5 d5 13. Bxf6+ Kxf6 14. Qxc8
Bg7 15. Qb7 Nd7 16. Qxd7 cxd3 17. cxd3 Rad8 18. Qf5+ Ke7 19. Nf3 Rhf8 20. Qg4
Rf7 21. Rxh7 Rg8 22. Qg5+ Kd6 23. Rh6+ Bxh6 24. Qxg8 Rg7 25. Qd8+ Rd7 26. Qf6+
Kc7 27. Qxh6 dxe4 28. dxe4 a5 29. Nxe5 Rd6 30. Qg7+ Kb8 31. Qf8+ Kc7 32. Qe7+
Rd7 33. Qxd7+ 1-0

[Event "Challenge"]
[Site "http://www.queenalice.com/game.php?id=1858615"]
[Date "2025.6.9"]
[Round "-"]
[White "Carlos19"]
[Black "dejami"]
[Result "0-1"]
[WhiteElo "1669"]
[BlackElo "1709"]

1. e4 e5 2. Nf3 Qf6 3. Bc4 h6 4. d3 g5 5. O-O g4 6. Nfd2 d6 7. f3 g3 8. h3 Qh4
9. Qe2 a6 10. Nc3 b5 11. Bb3 Nf6 12. Nd5 Nxd5 13. Bxd5 c6 14. Bb3 Be7 15. a4 d5
16. exd5 Bc5+ 17. Kh1 Bxh3 18. Qxe5+ Kd7 19. dxc6+ Kxc6 20. Qxh8 Bxg2+ 21. Kxg2
Qh2# 0-1

[Event "Challenge"]
[Site "http://www.queenalice.com/game.php?id=1858616"]
[Date "2025.6.9"]
[Round "-"]
[White "dejami"]
[Black "Carlos19"]
[Result "1-0"]
[WhiteElo "1675"]
[BlackElo "1724"]

1. e4 e5 2. Bc4 Nf6 3. Qf3 Bc5 4. h3 O-O 5. g4 h6 6. h4 g6 7. d3 d6 8. g5 Bg4 9.
Qg2 Qd7 10. gxf6 h5 11. f3 Be6 12. Qg5 Bxc4 13. Qh6 Bb4+ 14. c3 Bxc3+ 15. bxc3
Bxd3 16. Qg7# 1-0

[Event "Challenge"]
[Site "http://www.queenalice.com/game.php?id=1859036"]
[Date "2025.6.22"]
[Round "-"]
[White "Ruusgugg"]
[Black "dejami"]
[Result "0-1"]
[WhiteElo "1331"]
[BlackElo "1724"]

1. e4 e5 2. c4 Bc5 3. Nf3 Qf6 4. Nc3 c6 5. h4 d6 6. Na4 Bg4 7. Nxc5 dxc5 8. Qb3
b6 9. d3 Bxf3 10. gxf3 Qxf3 11. Rh3 Qg4 12. f3 Qe6 13. f4 Nd7 14. fxe5 Qxe5 15.
Rf3 Qh5 16. d4 cxd4 17. Rf4 Nc5 18. Qc2 Nf6 19. Be2 Qg6 20. Rg4 Nxg4 21. Qb1 Qh5
22. b4 Qxh4+ 23. Kd1 Nf2+ 24. Kc2 d3+ 25. Bxd3 Ncxd3 26. e5 Ne1+ 27. Kd2 Ne4+
28. Ke3 Ng2+ 29. Ke2 Qf2+ 30. Kd3 Qf3+ 31. Kd4 Rd8# 0-1

[Event "Challenge"]
[Site "http://www.queenalice.com/game.php?id=1859037"]
[Date "2025.6.22"]
[Round "-"]
[White "dejami"]
[Black "Ruusgugg"]
[Result "1-0"]
[WhiteElo "1726"]
[BlackElo "1329"]

1. e4 a6 2. Qf3 c6 3. Bc4 e6 4. h4 b5 5. Bb3 b4 6. d4 c5 7. d5 e5 8. d6 Nf6 9.
g4 Bb7 10. Bd5 Nxd5 11. exd5 Bxd6 12. Nh3 O-O 13. g5 Qa5 14. Bd2 c4 15. Qe2 Qxd5
16. Rf1 f5 17. Qh5 Qe4+ 18. Kd1 g6 19. Qe2 Qg2 20. Ng1 f4 21. f3 Qh1 22. Be1 h6
23. Qxc4+ Kg7 24. Qe2 e4 25. Nd2 hxg5 26. Nxe4 Nc6 27. Nxd6 Na5 28. Bxb4 Rae8
29. Nxe8+ Kh6 30. Bxf8+ Kh5 31. Nf6+ Kxh4 32. Qf2# 1-0

[Event "Challenge"]
[Site "http://www.queenalice.com/game.php?id=1861730"]
[Date "2025.8.17"]
[Round "-"]
[White "Wilson"]
[Black "dejami"]
[Result "1-0"]
[WhiteElo "1488"]
[BlackElo "1759"]

1. e4 e5 2. d4 Qf6 3. Nf3 h6 4. dxe5 Qb6 5. Be3 Qb4+ 6. Nbd2 Qxb2 7. Bd4 Qb4 8.
Bc4 c5 9. Rb1 Qa5 10. Rb5 Qc7 11. Bc3 b6 12. O-O a6 13. Bxf7+ Kxf7 14. Rb1 Ke8
15. Nc4 Nc6 16. Nxb6 Rb8 17. Nd5 Qd8 18. Qd3 Nge7 19. Rxb8 Nxb8 20. Qd2 Nbc6 21.
a3 Ng6 22. Nf6+ Qxf6 23. exf6 gxf6 24. Bxf6 Rh7 25. Qd5 Rf7 26. e5 Nf4 27. Qe4
Ne6 28. Qg4 Be7 29. Qg8+ Nf8 30. Bg7 Nd4 31. e6 Nxe6 32. Bxh6 d6 33. Nh4 Bxh4
34. g3 Be7 35. c3 Rh7 36. Bxf8 Nxf8 37. Qc4 Rf7 38. Qa4+ Kd8 39. Re1 Ng6 40. Qc2
Bf5 41. Qb2 Kc7 42. Kg2 Bf6 43. Re8 Bc8 44. Qb3 Rg7 45. c4 Nf4+ 46. Kf3 Nh3 47.
Qa4 Kb8 48. Qxa6 Ng5+ 49. Kg2 Rc7 50. Qxd6 Bd4 51. Qf4 Nh7 52. Re7 Nf6 53. Qxc7+
1-0

[Event "Challenge"]
[Site "http://www.queenalice.com/game.php?id=1861731"]
[Date "2025.8.17"]
[Round "-"]
[White "dejami"]
[Black "Wilson"]
[Result "1-0"]
[WhiteElo "1710"]
[BlackElo "1504"]

1. e4 e5 2. Bc4 Nf6 3. Qf3 Bc5 4. g4 O-O 5. h3 h6 6. d3 d6 7. g5 Nh7 8. h4 Nd7
9. Qg3 c6 10. gxh6 g6 11. Qxg6+ Kh8 12. Qg7# 1-0

[Event "Challenge"]
[Site "http://www.queenalice.com/game.php?id=1861732"]
[Date "2025.8.17"]
[Round "-"]
[White "Winslow"]
[Black "dejami"]
[Result "0-1"]
[WhiteElo "1499"]
[BlackElo "1756"]

1. d4 e6 2. Bf4 d6 3. e3 Nf6 4. Nf3 h6 5. Bd3 Nc6 6. c3 g5 7. Nxg5 hxg5 8. Bxg5
Be7 9. h4 Nd5 10. Nd2 Bxg5 11. Nf3 Bf6 12. g3 Nb6 13. O-O a6 14. a4 e5 15. d5
Nxd5 16. Bc4 Nb6 17. Bb3 Na5 18. Ba2 Qd7 19. b4 e4 20. Nd4 Qh3 21. bxa5 Nd7 22.
Qe2 Bxh4 23. f4 Bxg3 24. Qg2 Qh4 25. Nf5 Bh2+ 0-1

[Event "Challenge"]
[Site "http://www.queenalice.com/game.php?id=1861734"]
[Date "2025.8.17"]
[Round "-"]
[White "digger"]
[Black "dejami"]
[Result "1-0"]
[WhiteElo "1671"]
[BlackElo "1777"]

1. e4 e5 2. d4 Qf6 3. c3 Nc6 4. Nf3 h6 5. d5 Nb8 6. Be2 g5 7. g3 d6 8. Qa4+ Bd7
9. Qb3 b6 10. h4 g4 11. Nh2 h5 12. Bg5 Qg6 13. Nd2 a6 14. O-O-O f6 15. Be3 Ne7
16. Bd3 Bh6 17. Bxh6 Qxh6 18. Qc4 c5 19. dxc6 Nbxc6 20. Kb1 b5 21. Qb3 Nc8 22.
Ndf1 Qf8 23. Ne3 Nb6 24. f3 Na5 25. Qc2 Qh6 26. Rde1 O-O 27. Qe2 Qg7 28. fxg4
hxg4 29. Nhxg4 Nb7 30. Rhf1 Nc5 31. b3 Nxd3 32. Qxd3 Bxg4 33. Qxd6 Nd7 34. Qd5+
Kh8 35. Rc1 Nb6 36. Qc6 Rab8 37. c4 Bd7 38. Qd6 Rfd8 39. Qd2 Bf5 40. Qg2 Be6 41.
c5 Na8 42. Rf2 Rd3 43. Re2 Rbd8 44. h5 R8d4 45. Nc2 Nc7 46. Nxd4 exd4 47. Rg1
Bg4 48. h6 Qg6 49. Rc2 Re3 50. Rf1 Be6 51. Rd2 Rxg3 52. Qe2 Re3 53. Qg2 Rg3 54.
Qe2 Bg4 55. Qf2 Rf3 56. Qg2 f5 57. Rxf3 Ne6 58. exf5 Qh7 59. Qxg4 Nxc5 60. Qxd4+
1-0

[Event "Challenge"]
[Site "http://www.queenalice.com/game.php?id=1861735"]
[Date "2025.8.17"]
[Round "-"]
[White "dejami"]
[Black "digger"]
[Result "1-0"]
[WhiteElo "1767"]
[BlackElo "1752"]

1. e4 e5 2. Bc4 d6 3. Qf3 Qe7 4. Nh3 h5 5. Ng5 Be6 6. Bb5+ c6 7. Nxe6 cxb5 8.
Nxf8 Kxf8 9. d3 g5 10. Nc3 a6 11. Nd5 Qd8 12. Bd2 Nd7 13. Bb4 Nb6 14. Ba5 g4 15.
Qe2 Rc8 16. Bxb6 Qd7 17. O-O f6 18. f3 Ne7 19. Nxf6 Qe6 20. Nd5 Kg8 21. Qd2 Ng6
22. fxg4 Qxg4 23. Nf6+ Kg7 24. Nxg4 hxg4 25. Qg5 Rxc2 26. Qf6+ Kh7 27. Qf7+ Kh6
28. Be3+ Kh5 29. Qf5+ Kh4 30. Qg5# 1-0

[Event "Challenge"]
[Site "http://www.queenalice.com/game.php?id=1861738"]
[Date "2025.8.17"]
[Round "-"]
[White "iliov2008"]
[Black "dejami"]
[Result "0-1"]
[WhiteElo "1501"]
[BlackElo "1749"]

1. e4 e5 2. Nf3 f6 3. Nc3 c6 4. a4 Na6 5. Bxa6 bxa6 6. d3 Bb4 7. h4 Ne7 8. Bd2
Bxc3 9. bxc3 c5 10. h5 d6 11. h6 g6 12. c4 Bg4 13. Rh4 Be6 14. c3 Bf7 15. d4
Bxc4 16. dxc5 dxc5 17. Be3 Qa5 18. Bd2 g5 19. Rh5 Qd8 20. a5 Qd3 21. Nh2 Qxe4+
22. Be3 Qxg2 23. f3 Qg3+ 24. Bf2 Qf4 25. Bxc5 Rd8 26. Qc1 Qg3+ 27. Bf2 Qg2 28.
Ra4 Qh1+ 29. Bg1 Qxg1+ 30. Nf1 Qxf1# 0-1

[Event "Challenge"]
[Site "http://www.queenalice.com/game.php?id=1861739"]
[Date "2025.8.17"]
[Round "-"]
[White "dejami"]
[Black "iliov2008"]
[Result "1-0"]
[WhiteElo "1762"]
[BlackElo "1495"]

1. e4 e5 2. Bc4 Nf6 3. Qf3 d6 4. h3 h5 5. Ne2 Nc6 6. c3 Be6 7. Bb5 a6 8. Ba4 b5
9. Bc2 a5 10. d3 a4 11. Bg5 d5 12. a3 d4 13. cxd4 exd4 14. Ng3 Ne5 15. Qe2 Bd6
16. f4 Nc6 17. e5 h4 18. Nf1 Bd5 19. Nfd2 Be7 20. f5 Nh5 21. Bxe7 Nxe7 22. Nf1
Nxf5 23. Qg4 Ne3 24. Nxe3 dxe3 25. O-O f6 26. d4 Ng3 27. Qg6+ Kf8 28. exf6 gxf6
29. Rxf6+ Ke7 30. Qg7+ Ke8 31. Bg6+ Bf7 32. Qxf7# 1-0

[Event "Challenge"]
[Site "http://www.queenalice.com/game.php?id=1861741"]
[Date "2025.8.17"]
[Round "-"]
[White "dejami"]
[Black "Rocio"]
[Result "1-0"]
[WhiteElo "1755"]
[BlackElo "1536"]

1. e4 e5 2. Bc4 Qe7 3. d3 h6 4. Nh3 Qh4 5. Qf3 Nf6 6. Qe3 Ng4 7. Qf3 Bb4+ 8. c3
Bc5 9. a4 d6 10. b4 f5 11. bxc5 Rf8 12. Qg3 Qe7 13. d4 fxe4 14. O-O Bf5 15. Be2
h5 16. Bxg4 hxg4 17. Ng5 Nd7 18. Na3 dxc5 19. d5 Nf6 20. c4 Nh5 21. Qb3 a6 22.
Qxb7 Qd8 23. Qc6+ Bd7 24. Qg6+ Rf7 25. Qxf7# 1-0

[Event "Challenge"]
[Site "http://www.queenalice.com/game.php?id=1861742"]
[Date "2025.8.17"]
[Round "-"]
[White "Carlos19"]
[Black "dejami"]
[Result "0-1"]
[WhiteElo "1581"]
[BlackElo "1792"]

1. e4 e5 2. Nf3 f6 3. Bc4 Nh6 4. d3 c6 5. Nc3 b5 6. Bb3 a5 7. a4 b4 8. Ne2 Qb6
9. Be3 Qc7 10. h3 g5 11. O-O c5 12. Bd5 Ra7 13. c3 Bb7 14. Bxb7 Qxb7 15. c4 Nf7
16. b3 h5 17. h4 g4 18. Nh2 Nc6 19. Ng3 Nd6 20. Bxc5 Nf7 21. Bxa7 Nxa7 22. Nf5
Nc6 23. f3 Rg8 24. fxg4 Qb6+ 25. Kh1 Bh6 26. Nxh6 Nxh6 27. gxh5 Nd4 28. Nf3 Ng4
29. Nxd4 Qxd4 30. Qf3 d6 31. g3 Ne3 32. Rg1 Ke7 33. g4 Qxd3 34. Rab1 Qd4 35. g5
f5 36. exf5 Qxh4+ 0-1

[Event "Challenge"]
[Site "http://www.queenalice.com/game.php?id=1861743"]
[Date "2025.8.17"]
[Round "-"]
[White "dejami"]
[Black "Carlos19"]
[Result "1-0"]
[WhiteElo "1800"]
[BlackElo "1652"]

1. e4 e5 2. Bc4 Nf6 3. Qf3 d6 4. h3 Nc6 5. c3 g5 6. g4 h6 7. Na3 a6 8. Ne2 b5 9.
Bd3 b4 10. cxb4 Be6 11. b5 Nb8 12. Ng3 d5 13. Nc2 c6 14. Ne2 dxe4 15. Bxe4 Bd5
16. d3 axb5 17. Bxd5 Nxd5 18. Qf5 Qf6 19. Qc8+ Qd8 20. Qf5 f6 21. Ng3 b4 22. Ne3
Qd7 23. Qe4 Bc5 24. Qg6+ Qf7 25. Qf5 Nd7 26. Nc4 Ne7 27. Qe4 Qd5 28. Qe2 Nb6 29.
b3 Nxc4 30. dxc4 Qe6 31. Ne4 Bd4 32. Bb2 Bxb2 33. Qxb2 f5 34. Nc5 Qd6 35. Nb7
Qb8 36. Nc5 fxg4 37. hxg4 Qd6 38. Ne4 Qe6 39. f3 Ng6 40. Rd1 Nf4 41. Nc5 Qc8 42.
Qxe5+ Kf7 43. Rd7+ Kf8 44. Qxh8# 1-0

[Event "Challenge"]
[Site "http://www.queenalice.com/game.php?id=1861744"]
[Date "2025.8.17"]
[Round "-"]
[White "Racey"]
[Black "dejami"]
[Result "0-1"]
[WhiteElo "1508"]
[BlackElo "1782"]

1. e4 e5 2. Bc4 Nf6 3. h4 h5 4. Nc3 c6 5. a4 d6 6. a5 Bg4 7. f3 Be6 8. Bd3 Nbd7
9. b4 a6 10. Na4 d5 11. Bb2 d4 12. c4 Bxb4 13. Qb3 c5 14. Ne2 Rb8 15. f4 exf4
16. Nxf4 Qxa5 17. Rh3 Bxd2+ 18. Ke2 Bxf4 19. Rf3 Bg4 20. Rf1 Qd2# 0-1

[Event "Challenge"]
[Site "http://www.queenalice.com/game.php?id=1861745"]
[Date "2025.8.17"]
[Round "-"]
[White "dejami"]
[Black "Racey"]
[Result "1-0"]
[WhiteElo "1787"]
[BlackElo "1503"]

1. e4 e5 2. Bc4 h5 3. Qf3 Qe7 4. Nc3 g5 5. Nd5 Qc5 6. b3 b5 7. Nxc7+ Kd8 8. Nxa8
Bb7 9. Bd5 Bxa8 10. Bxa8 Qxc2 11. Ne2 f6 12. Nc3 b4 13. Nd5 g4 14. Qf5 a5 15.
O-O Bg7 16. Qg6 Ne7 17. Qxg7 Re8 18. Nxf6 d6 19. Qf7 Rh8 20. Qe6 Qc5 21. d3 Qd4
22. Be3 Qxd3 23. Bb6# 1-0

[Event "Challenge"]
[Site "http://www.queenalice.com/game.php?id=1866007"]
[Date "2025.11.22"]
[Round "-"]
[White "dejami"]
[Black "Hovis"]
[Result "0-1"]
[WhiteElo "1810"]
[BlackElo "1518"]

1. e4 e5 2. Qf3 Nf6 3. h3 Nc6 4. c3 d5 5. d3 Be7 6. g4 O-O 7. g5 dxe4 8. dxe4
Nd7 9. h4 a6 10. Nh3 b5 11. h5 Nb6 12. h6 gxh6 13. gxh6 f5 14. Qh5 Qe8 15. Rg1+
Kh8 16. Ng5 Qxh5 17. Be2 Qg6 18. f4 fxe4 19. Nf3 Qxh6 20. Nfd2 Qh2 21. Kf1 Rxf4+
22. Ke1 Qxg1+ 23. Bf1 Bh4+ 24. Ke2 Bg4+ 0-1

[Event "Challenge"]
[Site "http://www.queenalice.com/game.php?id=1866926"]
[Date "2025.12.12"]
[Round "-"]
[White "game"]
[Black "dejami"]
[Result "0-1"]
[WhiteElo "1728"]
[BlackElo "1732"]

1. e4 e5 2. Nf3 Qf6 3. Nc3 c6 4. d3 h6 5. Be2 g5 6. O-O d6 7. b4 g4 8. Nd2 h5 9.
f3 Qg6 10. fxg4 hxg4 11. g3 Qh7 12. Bxg4 Qxh2# 0-1

[Event "Challenge"]
[Site "http://www.queenalice.com/game.php?id=1866927"]
[Date "2025.12.12"]
[Round "-"]
[White "dejami"]
[Black "game"]
[Result "0-1"]
[WhiteElo "1774"]
[BlackElo "1653"]

1. e4 c5 2. Bc4 e5 3. Qf3 Nf6 4. h3 Be7 5. g4 h5 6. g5 d5 7. gxf6 dxc4 8. fxe7
Qxe7 9. Na3 b5 10. Nxb5 Bb7 11. Ne2 Nc6 12. c3 a6 13. Na3 O-O 14. Qg2 Qh4 15.
Nxc4 f5 16. O-O fxe4 17. Ng3 Rf6 18. Nxe4 Nd4 19. cxd4 Bxe4 20. Qh2 Qg5+ 21. Qg3
Rg6 22. Kh2 Qf5 23. Qe3 exd4 24. Qe2 Qf4# 0-1

[Event "Pforzheim"]
[Site "http://www.queenalice.com/game.php?id=1867081"]
[Date "2025.12.16"]
[Round "-"]
[White "dejami"]
[Black "Sph4444"]
[Result "1-0"]
[WhiteElo "1753"]
[BlackElo "1942"]

1. e4 e5 2. Bc4 d6 3. Qf3 Nf6 4. h3 a6 5. g4 g5 6. Nc3 b5 7. Bb3 Bb7 8. Nd5 Nxd5
9. exd5 Be7 10. d3 O-O 11. Qe3 c6 12. Nf3 f6 13. dxc6+ d5 14. cxb7 Nc6 15.
bxa8=R Qxa8 16. Bxd5+ Kg7 17. Qe4 Rc8 18. c3 Qb7 19. Qf5 Qc7 20. h4 Nd8 21. hxg5
fxg5 22. Rxh7# 1-0

[Event "Challenge"]
[Site "http://www.queenalice.com/game.php?id=1867348"]
[Date "2025.12.24"]
[Round "-"]
[White "Leanne"]
[Black "dejami"]
[Result "0-1"]
[WhiteElo "1336"]
[BlackElo "1770"]

1. Nf3 h6 2. c4 e6 3. g3 g5 4. Bg2 f5 5. e3 Nf6 6. Ne5 Bg7 7. O-O c5 8. d4 d6 9.
Nf3 Ne4 10. dxc5 Nxc5 11. Nbd2 g4 0-1

[Event "Challenge"]
[Site "http://www.queenalice.com/game.php?id=1867349"]
[Date "2025.12.24"]
[Round "-"]
[White "dejami"]
[Black "Leanne"]
[Result "1-0"]
[WhiteElo "1772"]
[BlackElo "1334"]

1. e4 c5 2. Bc4 e6 3. Nc3 Nc6 4. a3 Nd4 5. f4 b5 6. Bxb5 Nxb5 7. Nxb5 Bb7 8. c4
Bxe4 9. Qe2 Bc6 10. Nc3 Nf6 11. Nh3 1-0